000 00584pam a2200229 i 4500
001 3179427
005 20180118051331.0
008 760602s1976 nyu b 001 0 eng
010 _a 76018806
020 _a0835207706
040 _aDLC
_cDLC
_dDLC
041 _aeng
043 _an-us---
080 _a021.00973 CLA
082 0 0 _a021.00973 CLA
100 _a0
101 _aLIB
245 0 0 _aArchive-library relations /
_cedited by Robert L. Clark, Jr.
504 _aBibliography: p. 201-212.
906 _a7
_bcbc
_corignew
_d1
_eocip
_f19
_gy-gencatlg
942 _2ddc
_cBK
999 _c40461
_d40461